[Event "España tch División de Honor 2013"]
[Site "Linares ESP"]
[Date "2013.09.09"]
[Round "2.12"]
[White "Naiditsch, Arkadij"]
[Black "Moskalenko, Viktor"]
[Result "1-0"]
[WhiteElo "2710"]
[BlackElo "2524"]
[PlyCount "53"]
[EventDate "2013.09.08"]
[EventType "team-tourn"]
[EventRounds "7"]
[EventCountry "ESP"]
[Source "lmi"]
[SourceDate "2013.09.08"]

1. e4 d6 2. d4 Nf6 3. Nc3 g6 4. Be3 c6 5. Qd2 Nbd7 6. h3 b5 7. Bd3 Bg7 8. Nf3
Qc7 9. O-O O-O 10. Ne2 Bb7 11. Ng3 e5 12. Bh6 Kh8 13. Bxg7+ Kxg7 14. c3 a6 15.
Nh4 c5 16. f4 exd4 17. cxd4 cxd4 18. Rac1 Qb6 19. b4 d5 20. e5 Ne4 21. Qe1 f5
22. Kh2 Rfc8 23. Rd1 Nf8 24. Bxe4 dxe4 25. Rxd4 Rd8 26. Rd6 Rxd6 27. Nhxf5+ 1-0

[Event "España tch División de Honor 2013"]
[Site "Linares ESP"]
[Date "2013.09.09"]
[Round "2.13"]
[White "Cruz, Cristhian"]
[Black "Van Wely, Loek"]
[Result "1/2-1/2"]
[WhiteElo "2529"]
[BlackElo "2701"]
[PlyCount "80"]
[EventDate "2013.09.08"]
[EventType "team-tourn"]
[EventRounds "7"]
[EventCountry "ESP"]
[Source "lmi"]
[SourceDate "2013.09.08"]

1. d4 Nf6 2. c4 e6 3. Nc3 Bb4 4. e3 O-O 5. Bd3 c5 6. Nf3 d5 7. O-O cxd4 8. exd4
dxc4 9. Bxc4 b6 10. Qe2 Bb7 11. Bg5 Bxc3 12. bxc3 Nbd7 13. Bd3 Qc7 14. Rac1 Ng4
15. Be4 Bxe4 16. Qxe4 Ngf6 17. Qe2 h6 18. Bh4 Rac8 19. c4 Qc6 20. Qd1 Rfe8 21.
Re1 Ne4 22. Ne5 Nxe5 23. dxe5 Ng5 24. Bxg5 hxg5 25. Rc3 Red8 26. Qh5 Rd4 27.
Qxg5 Rxc4 28. Rg3 g6 29. h4 Rc1 30. Rge3 Rxe1+ 31. Rxe1 Qc2 32. a3 Qf5 33. Qe3
Kg7 34. g3 Rd8 35. a4 Rd3 36. Qe4 Ra3 37. Kg2 a5 38. Re3 Qxe4+ 39. Rxe4 Rb3 40.
Rd4 b5 1/2-1/2

[Event "España tch División de Honor 2013"]
[Site "Linares ESP"]
[Date "2013.09.09"]
[Round "2.14"]
[White "Bauer, Christian"]
[Black "Libiszewski, Fabien"]
[Result "1/2-1/2"]
[WhiteElo "2622"]
[BlackElo "2520"]
[PlyCount "68"]
[EventDate "2013.09.08"]
[EventType "team-tourn"]
[EventRounds "7"]
[EventCountry "ESP"]
[Source "lmi"]
[SourceDate "2013.09.08"]

1. c4 Nf6 2. Nc3 e5 3. Nf3 Nc6 4. a3 d5 5. cxd5 Nxd5 6. Qc2 Nxc3 7. bxc3 Bd6 8.
g3 O-O 9. Bg2 Re8 10. d3 Bf5 11. e4 Bg4 12. h3 Bxf3 13. Bxf3 Na5 14. O-O c5 15.
Rb1 Qc7 16. Be2 Rad8 17. Qa2 b6 18. Be3 Qc6 19. Rfd1 Bf8 20. h4 Re6 21. a4 Red6
22. Bg5 Rc8 23. Bg4 Rc7 24. Qc2 h6 25. Be3 Rd8 26. Kh2 Re7 27. h5 c4 28. dxc4
Ree8 29. Rxd8 Rxd8 30. Rd1 Rxd1 31. Qxd1 Nxc4 32. Qd5 Qxd5 33. exd5 Nxe3 34.
fxe3 Bc5 1/2-1/2

[Event "España tch División de Honor 2013"]
[Site "Linares ESP"]
[Date "2013.09.09"]
[Round "2.15"]
[White "Gual Pascual, Antonio"]
[Black "Gonzalez De La Torre, Santiago"]
[Result "1-0"]
[WhiteElo "2468"]
[BlackElo "2472"]
[PlyCount "99"]
[EventDate "2013.09.08"]
[EventType "team-tourn"]
[EventRounds "7"]
[EventCountry "ESP"]
[Source "lmi"]
[SourceDate "2013.09.08"]

1. d4 d5 2. c4 c6 3. Nf3 Nf6 4. Qc2 g6 5. cxd5 cxd5 6. Nc3 Bg7 7. Bf4 Nc6 8. e3
O-O 9. Be2 Bf5 10. Qb3 Na5 11. Qb4 a6 12. O-O Re8 13. Ne5 Bf8 14. Na4 b5 15.
Nc5 Ne4 16. Nxa6 Rxa6 17. Bxb5 Ra8 18. Bxe8 Qxe8 19. f3 Nd6 20. g4 Bc8 21. Rfe1
f6 22. Nd3 Nf7 23. Qc3 Nc4 24. b3 Na3 25. Rac1 e6 26. h4 Bd7 27. Nc5 Bb5 28. e4
Bxc5 29. dxc5 d4 30. Qb2 Qc6 31. Kg2 Qa6 32. e5 fxe5 33. Bxe5 Nxe5 34. Rxe5 Bc6
35. Qxd4 Rf8 36. Rf1 Bd5 37. Rxd5 exd5 38. Qxd5+ Rf7 39. Re1 Qf6 40. g5 Qb2+
41. Kg3 Kg7 42. Qe5+ Qxe5+ 43. Rxe5 Nc2 44. Re4 Rc7 45. b4 Na3 46. Re6 Ra7 47.
c6 Nb5 48. Re5 Nd6 49. Rd5 Nf5+ 50. Rxf5 1-0

[Event "España tch División de Honor 2013"]
[Site "Linares ESP"]
[Date "2013.09.09"]
[Round "2.16"]
[White "Argandoña Riveiro, Iñigo"]
[Black "Orteu Capdevila, Max"]
[Result "1-0"]
[WhiteElo "2386"]
[BlackElo "1723"]
[PlyCount "79"]
[EventDate "2013.09.08"]
[EventType "team-tourn"]
[EventRounds "7"]
[EventCountry "ESP"]
[Source "lmi"]
[SourceDate "2013.09.08"]

1. e4 c5 2. Nf3 e6 3. d3 Nc6 4. Nbd2 Nf6 5. g3 Be7 6. Bg2 d6 7. O-O O-O 8. Re1
Qc7 9. b3 Nd7 10. Bb2 Bf6 11. Bxf6 Nxf6 12. Nc4 b6 13. a4 Bb7 14. a5 bxa5 15.
e5 Ne8 16. exd6 Nxd6 17. Nxd6 Qxd6 18. Ne5 Rab8 19. Nxc6 Bxc6 20. Bxc6 Qxc6 21.
Rxa5 Qb6 22. Qa1 Rb7 23. Re4 Rd8 24. Rea4 Rdd7 25. Qe5 f6 26. Qxc5 Rdc7 27.
Qxb6 axb6 28. Ra8+ Kf7 29. Rc4 Rd7 30. Ra6 e5 31. Kf1 Ke6 32. Ke2 Kd5 33. f4
exf4 34. Rxf4 Re7+ 35. Kd2 Re6 36. c4+ Kc6 37. b4 Rbe7 38. b5+ Kc5 39. Kc3 Re3
40. Rd4 1-0

[Event "España tch División de Honor 2013"]
[Site "Linares ESP"]
[Date "2013.09.09"]
[Round "2.21"]
[White "Sargissian, Gabriel"]
[Black "Dominguez Perez, Leinier"]
[Result "1-0"]
[WhiteElo "2671"]
[BlackElo "2757"]
[PlyCount "125"]
[EventDate "2013.09.08"]
[EventType "team-tourn"]
[EventRounds "7"]
[EventCountry "ESP"]
[Source "lmi"]
[SourceDate "2013.09.08"]

1. Nf3 Nf6 2. c4 c5 3. Nc3 d5 4. cxd5 Nxd5 5. g3 Nc6 6. Bg2 g6 7. Qb3 e6 8. d3
Bg7 9. O-O O-O 10. Qb5 Nxc3 11. bxc3 Bxc3 12. Rb1 Qa5 13. Be3 Qxa2 14. Qxc5 Bg7
15. Nd2 a5 16. Rfc1 Nd4 17. Kf1 Nf5 18. Nc4 Nxe3+ 19. fxe3 Bd7 20. Bxb7 Rab8
21. Qxa5 Qxa5 22. Nxa5 Bf6 23. Kf2 h5 24. h4 Kg7 25. Nc4 Rfd8 26. Bf3 Kf8 27.
d4 Be8 28. Rxb8 Rxb8 29. Nd6 Be7 30. Ne4 Bd8 31. Nc5 Ke7 32. Ra1 Bb6 33. Nd3
Rc8 34. Rb1 Rb8 35. Rc1 Kf8 36. Bc6 Rc8 37. Bxe8 Rxc1 38. Nxc1 Kxe8 39. Kf3 Ke7
40. Nb3 Kd6 41. e4 e5 42. d5 Bd8 43. Nd2 Kc5 44. Ke3 f6 45. Kd3 g5 46. Nf1 gxh4
47. gxh4 f5 48. Ng3 f4 49. Nf5 Bf6 50. Kd2 Kc4 51. Ke1 Kc5 52. Kf2 Kc4 53. Kf3
Kc5 54. e3 fxe3 55. Kxe3 Bd8 56. Kf3 Bf6 57. Ng3 Bxh4 58. Nxh5 Kd4 59. Ng7 Kc5
60. Kg4 Be1 61. Ne8 Kd4 62. Kf5 Ba5 63. Nd6 1-0

[Event "España tch División de Honor 2013"]
[Site "Linares ESP"]
[Date "2013.09.09"]
[Round "2.22"]
[White "Giri, Anish"]
[Black "Svetushkin, Dmitry"]
[Result "1-0"]
[WhiteElo "2737"]
[BlackElo "2614"]
[PlyCount "83"]
[EventDate "2013.09.08"]
[EventType "team-tourn"]
[EventRounds "7"]
[EventCountry "ESP"]
[Source "lmi"]
[SourceDate "2013.09.08"]

1. e4 c6 2. d4 d5 3. e5 Bf5 4. Nf3 e6 5. Be2 Ne7 6. c3 Bg6 7. O-O Nf5 8. Nbd2
c5 9. Nb3 c4 10. Nbd2 Nc6 11. g4 Nh4 12. Nxh4 Qxh4 13. f4 f6 14. f5 Bf7 15. Kh1
fxe5 16. Nf3 Qd8 17. dxe5 Be7 18. Nd4 Qd7 19. b3 O-O 20. bxc4 Nxe5 21. fxe6
Bxe6 22. Nxe6 Rxf1+ 23. Bxf1 Qxe6 24. Bg2 Qxg4 25. Bxd5+ Kh8 26. Qxg4 Nxg4 27.
Rb1 Rf8 28. Rxb7 Bd6 29. Rxa7 Rf1+ 30. Kg2 Rf2+ 31. Kh3 h5 32. Ra8+ Kh7 33.
Be4+ g6 34. Ra7+ Kg8 35. Kh4 Kf8 36. h3 Ne5 37. Kg5 Rf1 38. Bf4 Nxc4 39. Bxd6+
Nxd6 40. Bxg6 Rf3 41. Rd7 Nc4 42. Bxh5 1-0

[Event "España tch División de Honor 2013"]
[Site "Linares ESP"]
[Date "2013.09.09"]
[Round "2.23"]
[White "Perez Candelario, Manuel"]
[Black "Vachier-Lagrave, Maxime"]
[Result "1/2-1/2"]
[WhiteElo "2569"]
[BlackElo "2722"]
[PlyCount "90"]
[EventDate "2013.09.08"]
[EventType "team-tourn"]
[EventRounds "7"]
[EventCountry "ESP"]
[Source "lmi"]
[SourceDate "2013.09.08"]

1. e4 c5 2. Ne2 Nf6 3. Nbc3 d6 4. g3 e5 5. Bg2 Nc6 6. d3 Be7 7. O-O Nd4 8. h3
Bd7 9. Nxd4 cxd4 10. Ne2 Rc8 11. c3 dxc3 12. Nxc3 O-O 13. Be3 a6 14. d4 b5 15.
a3 Rc4 16. Re1 Qb8 17. Re2 Rfc8 18. Rd2 Be6 19. Kh2 h6 20. Qe2 a5 21. d5 Bd7
22. f3 b4 23. axb4 axb4 24. Na4 Bxa4 25. Rxa4 Bd8 26. Qf2 b3 27. Rxc4 Rxc4 28.
Qe2 Rc8 29. Qa6 Nd7 30. Qa4 Bg5 31. Qxd7 Bxe3 32. Rd3 Bb6 33. Rxb3 Rc1 34. Rc3
Bg1+ 35. Kh1 Rxc3 36. bxc3 Bc5 37. h4 h5 38. Bf1 g6 39. Qb5 Qf8 40. Qa5 Qe7 41.
Qa2 Kg7 42. Qd2 Qa7 43. Kg2 Be3 44. Qe1 Qb6 45. Bb5 Bh6 1/2-1/2

[Event "España tch División de Honor 2013"]
[Site "Linares ESP"]
[Date "2013.09.09"]
[Round "2.25"]
[White "Santos Latasa, Jaime"]
[Black "Salgado Lopez, Ivan"]
[Result "1/2-1/2"]
[WhiteElo "2452"]
[BlackElo "2614"]
[PlyCount "96"]
[EventDate "2013.09.08"]
[EventType "team-tourn"]
[EventRounds "7"]
[EventCountry "ESP"]
[Source "lmi"]
[SourceDate "2013.09.08"]

1. d4 e6 2. Nf3 c5 3. c4 Nf6 4. g3 cxd4 5. Nxd4 d5 6. Bg2 e5 7. Nb3 d4 8. O-O
Nc6 9. f4 e4 10. f5 g6 11. fxg6 hxg6 12. Bg5 Be7 13. Bxf6 Bxf6 14. N1d2 Bg5 15.
Nxe4 Be3+ 16. Kh1 Ne5 17. Nf6+ Kf8 18. Nd5 Qg5 19. Nxe3 Qxe3 20. Bf3 Bh3 21.
Qxd4 Qxd4 22. Nxd4 Bxf1 23. Rxf1 Nxf3 24. Rxf3 Kg7 25. Kg2 Rac8 26. b3 Rcd8 27.
e3 Rhe8 28. Kf2 Re4 29. h3 f5 30. a4 a5 31. Kf1 Rd7 32. Kf2 Kh6 33. Kf1 Kh5 34.
Kf2 Kg5 35. Kf1 b6 36. Kf2 Rh7 37. Kg2 Rhe7 38. Kf2 Rd7 39. Kf1 Re8 40. Kf2 Rh7
41. Kg2 Kf6 42. g4 Ke5 43. gxf5 gxf5 44. Kf2 Reh8 45. Rxf5+ Ke4 46. Ke2 Rxh3
47. Rf4+ Ke5 48. Kd3 Rg8 1/2-1/2

[Event "España tch División de Honor 2013"]
[Site "Linares ESP"]
[Date "2013.09.09"]
[Round "2.26"]
[White "Del Rio de Angelis, Salvador Gabriel"]
[Black "Moreno Tejera, Emilio"]
[Result "1/2-1/2"]
[WhiteElo "2499"]
[BlackElo "2394"]
[PlyCount "138"]
[EventDate "2013.09.08"]
[EventType "team-tourn"]
[EventRounds "7"]
[EventCountry "ESP"]
[Source "lmi"]
[SourceDate "2013.09.08"]

1. d4 Nf6 2. c4 g6 3. Nc3 Bg7 4. e4 d6 5. Be2 O-O 6. Bg5 h6 7. Be3 c5 8. d5 e6
9. dxe6 Bxe6 10. h3 Qa5 11. Qd2 Nc6 12. Nf3 Rfd8 13. O-O Kh7 14. Rfd1 Ne5 15.
Nxe5 dxe5 16. Qc2 Rac8 17. a3 a6 18. Na4 Rxd1+ 19. Rxd1 Bf8 20. b4 cxb4 21.
axb4 Qxb4 22. Rb1 Qe7 23. Qb2 Nd7 24. c5 Qd8 25. Bg4 Bxg4 26. hxg4 Nxc5 27.
Nxc5 Bxc5 28. Qxb7 Rc7 29. Qb3 Bxe3 30. Qxe3 Qg5 31. Qxg5 hxg5 32. Ra1 Rc6 33.
Ra5 Re6 34. Kf1 Kg7 35. Ke2 Kf6 36. g3 Rc6 37. f4 gxf4 38. gxf4 exf4 39. g5+
Ke6 40. Kf3 Kd6 41. Kxf4 Kc7 42. Ke5 Re6+ 43. Kd5 Rb6 44. Ra1 Kd7 45. Ra2 Ke7
46. Ra1 Re6 47. Ra2 Rd6+ 48. Ke5 Rb6 49. Kd5 Rb5+ 50. Kc4 Rxg5 51. Rxa6 Re5 52.
Kd4 Re6 53. Ra7+ Kf8 54. e5 Re7 55. Ra6 Rd7+ 56. Ke4 Rd1 57. Ra7 Kg7 58. Kf4
Rf1+ 59. Kg4 Re1 60. Kf4 Kh6 61. Kg4 Rg1+ 62. Kh3 Rf1 63. Kg4 Rf5 64. Rb7 Kg7
65. e6 Kf8 66. exf7 Rxf7 67. Rxf7+ Kxf7 68. Kg5 Kg7 69. Kg4 Kf6 1/2-1/2

[Event "España tch División de Honor 2013"]
[Site "Linares ESP"]
[Date "2013.09.09"]
[Round "2.31"]
[White "Anton Guijarro, David"]
[Black "Bruzon Batista, Lazaro"]
[Result "1/2-1/2"]
[WhiteElo "2574"]
[BlackElo "2699"]
[PlyCount "59"]
[EventDate "2013.09.08"]
[EventType "team-tourn"]
[EventRounds "7"]
[EventCountry "ESP"]
[Source "lmi"]
[SourceDate "2013.09.08"]

1. d4 Nf6 2. c4 e6 3. Nf3 d5 4. e3 a6 5. b3 c5 6. Bd3 Nc6 7. Bb2 cxd4 8. exd4
g6 9. O-O Bg7 10. Nbd2 O-O 11. Rc1 dxc4 12. bxc4 b6 13. Ne4 Bb7 14. Ba3 Nxd4
15. Bxf8 Bxf8 16. Nxf6+ Qxf6 17. Be4 Bxe4 18. Qxd4 Qxd4 19. Nxd4 Rc8 20. Rfe1
Bd3 21. Nf3 Bh6 22. Rcd1 Bxc4 23. Rd6 Bxa2 24. Rxb6 Bd5 25. Rxa6 Bxf3 26. gxf3
Rc7 27. Re2 Kg7 28. Kg2 Bf4 29. Ra4 Bd6 30. Ra5 1/2-1/2

[Event "España tch División de Honor 2013"]
[Site "Linares ESP"]
[Date "2013.09.09"]
[Round "2.32"]
[White "Iturrizaga, Eduardo"]
[Black "Almagro Llamas, Pablo"]
[Result "1-0"]
[WhiteElo "2661"]
[BlackElo "2477"]
[PlyCount "67"]
[EventDate "2013.09.08"]
[EventType "team-tourn"]
[EventRounds "7"]
[EventCountry "ESP"]
[Source "lmi"]
[SourceDate "2013.09.08"]

1. Nf3 Nf6 2. c4 e6 3. g3 b6 4. Bg2 Bb7 5. O-O c5 6. d4 cxd4 7. Qxd4 d6 8. Nc3
a6 9. Bg5 Nbd7 10. Rfd1 Qc7 11. Rac1 Be7 12. Qd2 Rd8 13. b3 O-O 14. h3 Qb8 15.
Nd4 Bxg2 16. Kxg2 Qb7+ 17. f3 h6 18. Be3 Ne5 19. Bf2 d5 20. Qe3 Ng6 21. Nxe6
fxe6 22. Qxe6+ Kh7 23. Qxb6 Qa8 24. cxd5 Nxd5 25. Nxd5 Rxd5 26. Rxd5 Qxd5 27.
Rc4 Qd2 28. Qe3 Qxa2 29. h4 Rf5 30. Qd3 Rb5 31. Rg4 Bg5 32. h5 Qxb3 33. hxg6+
Kg8 34. Re4 1-0

[Event "España tch División de Honor 2013"]
[Site "Linares ESP"]
[Date "2013.09.09"]
[Round "2.33"]
[White "Rubio Mejia, Luis Ignacio"]
[Black "Hansen, Eric"]
[Result "1/2-1/2"]
[WhiteElo "2445"]
[BlackElo "2584"]
[PlyCount "65"]
[EventDate "2013.09.08"]
[EventType "team-tourn"]
[EventRounds "7"]
[EventCountry "ESP"]
[Source "lmi"]
[SourceDate "2013.09.08"]

1. d4 Nf6 2. c4 g6 3. Nc3 d5 4. cxd5 Nxd5 5. e4 Nxc3 6. bxc3 Bg7 7. Be3 c5 8.
Qd2 Qa5 9. Rc1 cxd4 10. cxd4 Qxd2+ 11. Bxd2 O-O 12. Nf3 e6 13. Bb5 Bd7 14. Bxd7
Nxd7 15. Rc7 Nf6 16. e5 Nd5 17. Rxb7 Rfb8 18. Rxb8+ Rxb8 19. O-O Rb2 20. a4 Bf8
21. h4 Kg7 22. Rc1 Bb4 23. Bxb4 Rxb4 24. a5 Ra4 25. Rc5 h6 26. g3 Ra1+ 27. Kg2
Ra2 28. Kf1 Nb4 29. Ne1 a6 30. Rc4 Nd5 31. Rc5 Nb4 32. Rc4 Nd5 33. Rc5 1/2-1/2

[Event "España tch División de Honor 2013"]
[Site "Linares ESP"]
[Date "2013.09.09"]
[Round "2.34"]
[White "Arizmendi Martinez, Julen Luis"]
[Black "Martinez Martin, David"]
[Result "1/2-1/2"]
[WhiteElo "2564"]
[BlackElo "2386"]
[PlyCount "50"]
[EventDate "2013.09.08"]
[EventType "team-tourn"]
[EventRounds "7"]
[EventCountry "ESP"]
[Source "lmi"]
[SourceDate "2013.09.08"]

1. d4 Nf6 2. c4 e6 3. Nc3 Bb4 4. e3 O-O 5. Bd3 d5 6. Nf3 c5 7. O-O Nc6 8. a3
Bxc3 9. bxc3 Na5 10. cxd5 c4 11. Bc2 exd5 12. Ne5 Ne4 13. Qe1 f6 14. f3 Nd6 15.
Ng4 Bxg4 16. fxg4 Nb3 17. Rb1 Qd7 18. Qh4 h6 19. Qh5 Qf7 20. Bg6 Qe6 21. e4
Nxe4 22. Bf5 Qf7 23. Bg6 Qe6 24. Bf5 Qf7 25. Bg6 Qe6 1/2-1/2

[Event "España tch División de Honor 2013"]
[Site "Linares ESP"]
[Date "2013.09.09"]
[Round "2.35"]
[White "Fernandez Barrera, Victor"]
[Black "Castellanos Rodriguez, Renier"]
[Result "0-1"]
[WhiteElo "2326"]
[BlackElo "2509"]
[PlyCount "92"]
[EventDate "2013.09.08"]
[EventType "team-tourn"]
[EventRounds "7"]
[EventCountry "ESP"]
[Source "lmi"]
[SourceDate "2013.09.08"]

1. e4 c5 2. Nf3 e6 3. d4 cxd4 4. Nxd4 a6 5. Nc3 d6 6. Bd3 Nf6 7. O-O Nbd7 8. f4
b5 9. Kh1 Bb7 10. Qe2 Nc5 11. a4 b4 12. Na2 Nfxe4 13. Nxb4 Qb6 14. c3 Nxd3 15.
Nxd3 Be7 16. Be3 Qc7 17. Qg4 Qc4 18. Nf2 Nf6 19. Qe2 Qd5 20. Nf3 O-O 21. a5
Rac8 22. Bd4 Qf5 23. Nd3 Rfe8 24. Nb4 Nh5 25. Be3 Bd8 26. Nxa6 Ra8 27. Nb4 Bxa5
28. Nd4 Qh3 29. Kg1 Bxg2 30. Qxg2 Qxe3+ 31. Kh1 Nxf4 32. Qb7 Rab8 33. Nbc2 Qxd4
34. Nxd4 Rxb7 35. Rxa5 Nd5 36. Nb5 Reb8 37. Nxd6 Rxb2 38. Ra7 f5 39. Re1 Nf4
40. Ra4 Nd3 41. Rea1 h6 42. Ra8 Rxa8 43. Rxa8+ Kh7 44. Ra7 f4 45. Ne8 f3 46. h4
Rg2 0-1

[Event "España tch División de Honor 2013"]
[Site "Linares ESP"]
[Date "2013.09.09"]
[Round "2.36"]
[White "Corral Blanco, Juan Antonio"]
[Black "Rudolf, Anna"]
[Result "1-0"]
[WhiteElo "2436"]
[BlackElo "2308"]
[PlyCount "124"]
[EventDate "2013.09.08"]
[EventType "team-tourn"]
[EventRounds "7"]
[EventCountry "ESP"]
[Source "lmi"]
[SourceDate "2013.09.08"]

1. Nf3 d5 2. d4 Nf6 3. c4 e6 4. Nc3 Be7 5. Bg5 h6 6. Bxf6 Bxf6 7. e3 c6 8. Bd3
Nd7 9. O-O O-O 10. h3 a6 11. Rc1 b5 12. cxd5 cxd5 13. Bb1 Bb7 14. Ne2 e5 15.
dxe5 Nxe5 16. Ned4 Rc8 17. Nxe5 Rxc1 18. Qxc1 Bxe5 19. Qc2 g6 20. Ne6 fxe6 21.
Qxg6+ Bg7 22. Qh7+ Kf7 23. Bg6+ Kf6 24. Bh5 Rg8 25. Qg6+ Ke7 26. Qf7+ Kd6 27.
Qxb7 Qc8 28. Qb6+ Qc6 29. Qa5 Kd7 30. Qd2 Qd6 31. Bg4 Rc8 32. Rd1 Ke7 33. e4
Rc4 34. exd5 Rd4 35. Qc2 Rxd1+ 36. Bxd1 exd5 37. b3 Qe5 38. g3 Kd6 39. Bf3 Qe1+
40. Kg2 Bd4 41. a4 Bb6 42. Qg6+ Qe6 43. Qxe6+ Kxe6 44. Be2 Kd6 45. axb5 axb5
46. Bxb5 Kc5 47. Be2 Kb4 48. Bd1 Kc3 49. f4 d4 50. f5 Bd8 51. h4 Kd2 52. Bf3
Kc3 53. Kh3 Kxb3 54. Kg4 Kc3 55. Kh5 Kd2 56. Kxh6 Ke3 57. Bd1 Kf2 58. Kg6 Kxg3
59. h5 Kf4 60. f6 Ke5 61. f7 Be7 62. h6 Kd5 1-0

[Event "España tch División de Honor 2013"]
[Site "Linares ESP"]
[Date "2013.09.09"]
[Round "2.41"]
[White "Nisipeanu, Liviu-Dieter"]
[Black "Navara, David"]
[Result "1-0"]
[WhiteElo "2665"]
[BlackElo "2715"]
[PlyCount "67"]
[EventDate "2013.09.08"]
[EventType "team-tourn"]
[EventRounds "7"]
[EventCountry "ESP"]
[Source "lmi"]
[SourceDate "2013.09.08"]

1. e4 c5 2. Nf3 d6 3. d4 cxd4 4. Nxd4 Nf6 5. Nc3 a6 6. Be2 e6 7. Be3 Qc7 8. a4
b6 9. f4 Bb7 10. Bf3 Be7 11. O-O O-O 12. f5 e5 13. Nb3 Rd8 14. Qe2 Nbd7 15.
Rad1 Rac8 16. g4 h6 17. h4 d5 18. exd5 e4 19. Bg2 Ne5 20. g5 Nxd5 21. Rxd5 Bxd5
22. Nxd5 Rxd5 23. Bxe4 Rd6 24. Bf4 Qc4 25. Qg2 Rd4 26. Nxd4 Qxd4+ 27. Kh1 hxg5
28. c3 Qxa4 29. Bxe5 Rc4 30. Bd4 Bf6 31. b3 Qxb3 32. Bd5 Bxd4 33. cxd4 g4 34.
Qxg4 1-0

[Event "España tch División de Honor 2013"]
[Site "Linares ESP"]
[Date "2013.09.09"]
[Round "2.42"]
[White "Vallejo Pons, Francisco"]
[Black "Negi, Parimarjan"]
[Result "0-1"]
[WhiteElo "2706"]
[BlackElo "2662"]
[PlyCount "79"]
[EventDate "2013.09.08"]
[EventType "team-tourn"]
[EventRounds "7"]
[EventCountry "ESP"]
[Source "lmi"]
[SourceDate "2013.09.08"]

1. e4 c5 2. Nf3 e6 3. d4 cxd4 4. Nxd4 Nc6 5. Nc3 Qc7 6. f4 a6 7. Be3 Nxd4 8.
Qxd4 b5 9. O-O-O Bb7 10. Be2 Rc8 11. Rd2 Nf6 12. Bf3 Be7 13. Rhd1 O-O 14. e5 b4
15. exf6 bxc3 16. fxe7 cxd2+ 17. Rxd2 Rfe8 18. Bxb7 Qxb7 19. Qxd7 Rxe7 20. Qxb7
Rxb7 21. Rd6 Rbc7 22. c3 Rc6 23. Rd7 f6 24. Kc2 R8c7 25. Rd8+ Kf7 26. a4 e5 27.
fxe5 fxe5 28. a5 e4 29. Bd4 Rh6 30. h3 Rg6 31. g4 Rh6 32. b4 Re7 33. Bc5 Ree6
34. c4 e3 35. b5 e2 36. Rf8+ Kg6 37. Bb4 e1=Q 38. Bxe1 Rxe1 39. Kd2 Ra1 40. Rf2
0-1

[Event "España tch División de Honor 2013"]
[Site "Linares ESP"]
[Date "2013.09.09"]
[Round "2.43"]
[White "Ganguly, Surya Shekhar"]
[Black "Magem Badals, Jordi"]
[Result "1-0"]
[WhiteElo "2630"]
[BlackElo "2551"]
[PlyCount "75"]
[EventDate "2013.09.08"]
[EventType "team-tourn"]
[EventRounds "7"]
[EventCountry "ESP"]
[Source "lmi"]
[SourceDate "2013.09.08"]

1. d4 d5 2. c4 c6 3. Nc3 Nf6 4. e3 g6 5. Nf3 Bg7 6. Be2 O-O 7. O-O b6 8. b4 Bb7
9. Bb2 Ne4 10. Nxe4 dxe4 11. Nd2 f5 12. Qb3 Nd7 13. f3 exf3 14. c5+ e6 15.
Qxe6+ Kh8 16. Nxf3 Re8 17. Qb3 Qe7 18. Rae1 a5 19. bxa5 Rxa5 20. cxb6 Ba6 21.
a4 Rb8 22. Bc3 Rxb6 23. Qc2 Rd5 24. Bxa6 Rxa6 25. e4 fxe4 26. Rxe4 Qd8 27. Rfe1
Nf6 28. Re6 Rd6 29. Ne5 Kg8 30. Qb3 Nd5 31. Rxd6 Qxd6 32. Qb7 Rxa4 33. Qf7+ Kh8
34. Nc4 Qf8 35. Re8 Ra8 36. Qxf8+ Bxf8 37. Rxa8 Kg7 38. Bd2 1-0

[Event "España tch División de Honor 2013"]
[Site "Linares ESP"]
[Date "2013.09.09"]
[Round "2.44"]
[White "Lopez Martinez, Josep Manuel"]
[Black "Delchev, Aleksander"]
[Result "1/2-1/2"]
[WhiteElo "2543"]
[BlackElo "2637"]
[PlyCount "213"]
[EventDate "2013.09.08"]
[EventType "team-tourn"]
[EventRounds "7"]
[EventCountry "ESP"]
[Source "lmi"]
[SourceDate "2013.09.08"]

1. e4 e5 2. Nf3 Nf6 3. Nc3 Nc6 4. Bb5 Bb4 5. O-O O-O 6. d3 d6 7. Ne2 Ne7 8. c3
Ba5 9. Ng3 c6 10. Ba4 Ng6 11. d4 Re8 12. Bc2 h6 13. h3 d5 14. exd5 e4 15. Ne5
cxd5 16. f4 Bb6 17. Kh1 Bd7 18. Be3 Bb5 19. Re1 Rc8 20. a4 Ba6 21. Qd2 Nd7 22.
a5 Bc7 23. Ba4 Ndxe5 24. dxe5 Rf8 25. Rad1 Bc4 26. Qf2 Qh4 27. a6 bxa6 28. Bd7
Rb8 29. Bg4 Rxb2 30. Qxb2 Qxg3 31. Qd2 Bb6 32. f5 Nh4 33. e6 Bc7 34. Bg1 fxe6
35. fxe6 Ng6 36. Qe3 Ne7 37. Qxa7 g6 38. Rb1 h5 39. Re3 Qe5 40. Rb7 Rc8 41. Bd1
Nf5 42. e7 Nxe7 43. Ba4 Bd6 44. Rd7 Bc5 45. Qb7 Rb8 46. Qc7 Qxc7 47. Rxc7 Bd6
48. Rd7 Nf5 49. g4 Ng3+ 50. Rxg3 Bxg3 51. gxh5 gxh5 52. Bc6 h4 53. Bxd5+ Bxd5
54. Rxd5 Rc8 55. Bd4 e3 56. Bxe3 Rxc3 57. Bg5 Ra3 58. Kg2 Kf7 59. Bd8 Ke6 60.
Rh5 Ra4 61. Kf3 Kd7 62. Bb6 Rf4+ 63. Ke2 Kc6 64. Rh6+ Kd5 65. Be3 Ra4 66. Bb6
Ke4 67. Re6+ Kf5 68. Rc6 Ra2+ 69. Kf3 Ra3+ 70. Kg2 Ke4 71. Rc4+ Kd3 72. Rd4+
Kc3 73. Re4 Kb3 74. Bd8 Ra4 75. Rg4 Rc4 76. Rg6 Rd4 77. Ba5 Rd6 78. Rg4 Kc2 79.
Rc4+ Kd3 80. Rc3+ Ke2 81. Rc2+ Kd1 82. Rc4 Ke2 83. Rc2+ Ke3 84. Rc4 Kd3 85.
Rc3+ Kd4 86. Rc2 Ke4 87. Ra2 Rg6 88. Kf1 Kd3 89. Bd8 Rd6 90. Bg5 Rd5 91. Ra3+
Kc2 92. Be3 Rd3 93. Rxd3 Kxd3 94. Bb6 Kc4 95. Ke2 Kb5 96. Bd8 Kc6 97. Kd3 Kd7
98. Ba5 Bc7 99. Be1 Bd8 100. Ke4 Kc6 101. Kd4 Kb5 102. Kd3 Bf6 103. Ke4 Kc4
104. Ba5 Bc3 105. Bd8 Be1 106. Ke3 Kb5 107. Ke4 1/2-1/2

[Event "España tch División de Honor 2013"]
[Site "Linares ESP"]
[Date "2013.09.09"]
[Round "2.45"]
[White "Ubilava, Elizbar"]
[Black "Alonso Rosell, Alvar"]
[Result "0-1"]
[WhiteElo "2498"]
[BlackElo "2542"]
[PlyCount "144"]
[EventDate "2013.09.08"]
[EventType "team-tourn"]
[EventRounds "7"]
[EventCountry "ESP"]
[Source "lmi"]
[SourceDate "2013.09.08"]

1. d4 d5 2. c4 c6 3. cxd5 cxd5 4. Nc3 Nf6 5. Bf4 Nc6 6. e3 a6 7. h3 Qb6 8. a3
Bf5 9. Nf3 e6 10. Bd3 Bxd3 11. Qxd3 Qd8 12. O-O Bd6 13. Na4 Bxf4 14. exf4 O-O
15. Rac1 Na5 16. Ne5 Nc4 17. Qe2 Ne8 18. Nc5 Ned6 19. a4 b6 20. Ncd3 Nf5 21.
Nf3 Na5 22. Rc3 Qe8 23. Qc2 Rc8 24. Ra1 Rc4 25. b4 Qc8 26. Raa3 Nc6 27. Rxc4
dxc4 28. Qxc4 Ncxd4 29. Qxc8 Rxc8 30. Nxd4 Nxd4 31. a5 Nc2 32. Rb3 b5 33. g3
Kf8 34. Kg2 Rc4 35. Ne5 Rc7 36. Rb2 Ke7 37. Kf3 f6 38. Nd3 Rc4 39. Ke2 Nd4+ 40.
Kd2 Nc6 41. Ke3 Kd6 42. Rb1 Ne7 43. Kd2 Nc6 44. Ke3 e5 45. fxe5+ fxe5 46. f4
exf4+ 47. gxf4 Ne7 48. Kf3 Nd5 49. f5 Rd4 50. Rb3 Rh4 51. Kg2 Re4 52. Nf2 Rxb4
53. Rg3 Nf4+ 54. Kf3 Nh5 55. Rg5 Rb3+ 56. Ke2 Nf4+ 57. Kd1 Nxh3 58. Ne4+ Ke5
59. Rxg7 Kxe4 60. Rxh7 Kxf5 61. Rh6 Ng5 62. Rxa6 Ne6 63. Ra8 Ra3 64. Kc1 Nc5
65. Kb2 Ra4 66. Kc3 Ke5 67. Rb8 Rc4+ 68. Kb2 b4 69. Rd8 Rd4 70. Ra8 Rd6 71. Rb8
Kd5 72. Rh8 Kc4 0-1